[Event "ARS Festival"]
[Site "Roma ITA"]
[Date "1995.02.??"]
[Round "?"]
[White "Righetti, Gianfranco"]
[Black "Simeone, Giulio"]
[Result "1-0"]
[WhiteElo "1660"]
[BlackElo "1651"]
[PlyCount "191"]
[EventDate "1995.02.??"]

1. e4 d6 2. d4 Nf6 3. Nc3 e6 4. Nf3 Be7 5. Bd3 b6 6. Bg5 Bb7 7. e5 Nd5 8. Nxd5
Bxd5 9. Bxe7 Qxe7 10. O-O O-O 11. Qe2 Nd7 12. Rfe1 dxe5 13. dxe5 Nc5 14. Bc4
Bb7 15. Rad1 Rfd8 16. Bb5 a6 17. Bc4 b5 18. Bb3 h6 19. Qe3 a5 20. a3 Nxb3 21.
cxb3 b4 22. Rc1 Bd5 23. a4 Rdc8 24. Nd2 Kh8 25. Nc4 Kg8 26. Rc2 Kh8 27. Rec1
Bb7 28. Nd2 Bd5 29. Rc5 Kg8 30. Nc4 Bxc4 31. R1xc4 Rd8 32. Qc1 Ra7 33. h3 Rd7
34. Rb5 Rd5 35. Qe3 Rxb5 36. Qxa7 Rxe5 37. Qxc7 Qxc7 38. Rxc7 Re2 39. Rc8+ Kh7
40. Ra8 Rxb2 41. Rxa5 Rxb3 42. Rb5 Kg6 43. a5 Ra3 44. Rxb4 Rxa5 45. Kf1 Ra2 46.
Rg4+ Kf6 47. Rf4+ Ke7 48. Rg4 g6 49. Rh4 h5 50. Rd4 f5 51. Rb4 Rd2 52. Ke1 Rc2
53. Rb7+ Kf6 54. Rb8 e5 55. h4 Rc6 56. g3 e4 57. Kf1 Ke5 58. Kg2 Kd4 59. Rg8 e3
60. fxe3+ Kxe3 61. Kh3 Kf2 62. Rg7 Kg1 63. Ra7 Rc1 64. Ra6 Rc2 65. Ra1+ Kf2 66.
Rh1 Rc3 67. Rh2+ Kf3 68. Rg2 Rc1 69. Kh2 Rd1 70. Ra2 Rc1 71. Ra3+ Ke4 72. Kh3
Rd1 73. Ra6 Rh1+ 74. Kg2 Rb1 75. Rxg6 Rb2+ 76. Kh3 Rb1 77. Rg5 Rh1+ 78. Kg2 Rc1
79. Rxh5 Rc2+ 80. Kh3 Rc1 81. Rg5 Rh1+ 82. Kg2 Rc1 83. Rg8 Rc2+ 84. Kh3 Rc1 85.
Ra8 Rh1+ 86. Kg2 Rc1 87. Ra2 Kd3 88. Rf2 Ke4 89. Re2+ Kd5 90. Kf3 Rf1+ 91. Rf2
Rxf2+ 92. Kxf2 Ke6 93. Kf3 Kf6 94. Kf4 Kg6 95. Ke5 Kh5 96. Kxf5 1-0

[Event "ARS Festival"]
[Site "Roma ITA"]
[Date "1995.02.??"]
[Round "?"]
[White "Russo, Roberto"]
[Black "Astolfi, Italo"]
[Result "1/2-1/2"]
[WhiteElo "1570"]
[BlackElo "1600"]
[PlyCount "41"]
[EventDate "1995.02.??"]

1. e4 e5 2. Nf3 Nf6 3. d4 Nxe4 4. Bd3 d5 5. Nxe5 Nd7 6. Qe2 Nxe5 7. Bxe4 dxe4
8. Qxe4 Be6 9. dxe5 Bd5 10. Qg4 Be6 11. Qa4+ c6 12. Nd2 Qg5 13. O-O Qxe5 14.
Nf3 Qc7 15. Bf4 Bd6 16. Bxd6 Qxd6 17. Rad1 Qe7 18. Rfe1 O-O 19. Nd4 Rfd8 20. c3
g6 21. Nxe6 1/2-1/2

[Event "ARS Festival"]
[Site "Roma ITA"]
[Date "1995.02.??"]
[Round "?"]
[White "Russo, Roberto"]
[Black "Franchi, Jose' Maria"]
[Result "1/2-1/2"]
[WhiteElo "1570"]
[BlackElo "1630"]
[PlyCount "41"]
[EventDate "1995.02.??"]

1. e4 c5 2. Nf3 d6 3. c3 Nf6 4. Be2 Nc6 5. d4 cxd4 6. cxd4 Nxe4 7. d5 Qa5+ 8.
Nc3 Nxc3 9. bxc3 Ne5 10. Nxe5 dxe5 11. Qb3 Qc7 12. O-O e6 13. Rd1 a6 14. Be3
exd5 15. Bb6 Qc6 16. c4 d4 17. Bf3 Qd7 18. Rd2 Be7 19. Re1 O-O 20. Rxe5 Bf6 21.
Rd5 1/2-1/2

[Event "ARS Festival"]
[Site "Roma ITA"]
[Date "1995.02.??"]
[Round "?"]
[White "Russo, Roberto"]
[Black "Galeno, Giorgio"]
[Result "1-0"]
[WhiteElo "1570"]
[BlackElo "1635"]
[PlyCount "41"]
[EventDate "1995.02.??"]

1. e4 d6 2. d4 Nf6 3. Nc3 g6 4. Be2 Bg7 5. f4 c5 6. d5 O-O 7. g4 b5 8. g5 Nfd7
9. Nxb5 Qb6 10. c4 Na6 11. h4 Nc7 12. Nc3 Bb7 13. h5 a6 14. Qd3 Rae8 15. Qh3
Bc8 16. hxg6 fxg6 17. Qxh7+ Kf7 18. Rh6 Ne5 19. fxe5 dxe5 20. Rxg6 Qxg6 21. Bh5
1-0

[Event "ARS Festival"]
[Site "Roma ITA"]
[Date "1995.02.??"]
[Round "?"]
[White "Russo, Roberto"]
[Black "Ludovici, Roberto"]
[Result "1/2-1/2"]
[WhiteElo "1570"]
[BlackElo "1827"]
[PlyCount "73"]
[EventDate "1995.02.??"]

1. e4 e5 2. Nf3 Nf6 3. d4 Nxe4 4. Bd3 d5 5. Nxe5 Bd6 6. Qe2 O-O 7. O-O Bxe5 8.
Bxe4 Bxh2+ 9. Kxh2 Qh4+ 10. Kg1 dxe4 11. Nd2 Re8 12. Nf3 Qh5 13. Qe1 Nd7 14. b3
Nf6 15. Ne5 Rxe5 16. dxe5 Qxe5 17. Qd2 Bf5 18. c3 Bg6 19. Rd1 Re8 20. Qe3 Ng4
21. Qf4 Qh5 22. Be3 Ne5 23. Rd5 Nf3+ 24. gxf3 Qxd5 25. Kg2 exf3+ 26. Kg3 c5 27.
Re1 h6 28. c4 Qe5 29. Rd1 Qb2 30. Rd2 Qb1 31. Kxf3 Bh5+ 32. Kg2 Re4 33. Rd8+
Kh7 34. Qf5+ Bg6 35. Qc8 Bh5 36. Qf5+ Bg6 37. Qc8 1/2-1/2

[Event "ARS Festival"]
[Site "Roma ITA"]
[Date "1995.02.??"]
[Round "?"]
[White "Scacco, Mauro"]
[Black "Laudati, Adriano"]
[Result "1-0"]
[WhiteElo "2004"]
[BlackElo "1729"]
[PlyCount "87"]
[EventDate "1995.02.??"]

1. e4 c5 2. Nf3 d6 3. d4 cxd4 4. Nxd4 Nf6 5. Nc3 g6 6. Be2 Bg7 7. O-O O-O 8.
Be3 Bd7 9. f4 Nc6 10. Nb3 Rc8 11. g4 Ne8 12. Qd2 Kh8 13. Rad1 a6 14. Nd5 Nf6
15. Nxf6 exf6 16. Qxd6 Be6 17. Qxd8 Rfxd8 18. c3 Kg8 19. h3 Bf8 20. Rxd8 Rxd8
21. Rd1 Be7 22. Kf2 Kf8 23. Bb6 Rxd1 24. Bxd1 Ke8 25. Nc1 Bd6 26. f5 Bd7 27.
Nd3 Ne5 28. Nxe5 Bxe5 29. Bb3 Bc6 30. Ke3 Ke7 31. Bc5+ Ke8 32. Bd4 Bb5 33. h4
h6 34. Bd5 Bxd4+ 35. Kxd4 Be2 36. Bxb7 Bxg4 37. b4 g5 38. hxg5 fxg5 39. Ke3 a5
40. b5 Kd8 41. b6 Bd1 42. e5 Ba4 43. Bd5 Be8 44. f6 1-0

[Event "ARS Festival"]
[Site "Roma ITA"]
[Date "1995.02.??"]
[Round "?"]
[White "Scacco, Mauro"]
[Black "Michelena, Rodolfo"]
[Result "1-0"]
[WhiteElo "2004"]
[BlackElo "1600"]
[PlyCount "145"]
[EventDate "1995.02.??"]

1. e4 e5 2. Nf3 Nc6 3. Bb5 a6 4. Bxc6 dxc6 5. O-O f6 6. d3 Bg4 7. Be3 Bd6 8.
Nbd2 Ne7 9. Qe2 Qd7 10. a4 Qe6 11. Nc4 a5 12. c3 b6 13. Rfb1 b5 14. axb5 cxb5
15. Nxa5 O-O 16. b4 f5 17. Bg5 Ng6 18. Nb7 h6 19. exf5 Qxf5 20. Rxa8 Rxa8 21.
Bd8 Nh4 22. Bxh4 g5 23. Bg3 Ra3 24. Re1 Rxc3 25. Qa2+ Kh7 26. Nxd6 cxd6 27.
Qa7+ Kg6 28. d4 e4 29. Nd2 d5 30. Nf1 Qc8 31. Be5 Bd7 32. Qb8 Qxb8 33. Bxb8 Rc4
34. Be5 Rxb4 35. Ne3 Be6 36. Rc1 Rb2 37. h3 b4 38. Rc7 Rb1+ 39. Kh2 Bf7 40. g4
b3 41. Nxd5 b2 42. Rc6+ Kh7 43. Nf6+ Kg6 44. Ng8+ Be6 45. Rxe6+ Kf7 46. Rb6
Kxg8 47. d5 Rd1 48. Bxb2 Rxd5 49. Kg2 Rd2 50. Bc3 Rd3 51. Be5 e3 52. fxe3 Rxe3
53. Bg3 Kh7 54. Bf2 Rd3 55. Re6 Rd2 56. Kf3 Rd3+ 57. Re3 Rd2 58. Bg3 Rd4 59.
Be5 Ra4 60. Rd3 Ra7 61. Ke4 Rf7 62. Rc3 Kg6 63. Rc7 Rxc7 64. Bxc7 h5 65. Bd8
hxg4 66. hxg4 Kh6 67. Kf5 Kg7 68. Kxg5 Kg8 69. Kg6 Kh8 70. Kf7 Kh7 71. g5 Kh8
72. Bc7 Kh7 73. g6+ 1-0

[Event "ARS Festival"]
[Site "Roma ITA"]
[Date "1995.02.??"]
[Round "?"]
[White "Scacco, Mauro"]
[Black "Tersigni, Andrea"]
[Result "1-0"]
[WhiteElo "2004"]
[BlackElo "1633"]
[PlyCount "67"]
[EventDate "1995.02.??"]

1. e4 c5 2. Nf3 Nc6 3. Bb5 a6 4. Bxc6 dxc6 5. h3 Nf6 6. Nc3 Qc7 7. O-O e5 8. d3
Be7 9. Qe2 h6 10. Nh4 g6 11. f4 Be6 12. f5 gxf5 13. Nxf5 O-O-O 14. Be3 b5 15.
a4 b4 16. Nb1 Ne8 17. Nd2 Nd6 18. Nxe7+ Qxe7 19. Bxc5 Qg5 20. Nf3 Qg7 21. Kh1
f5 22. Bxd6 Rxd6 23. exf5 Bd5 24. Qxe5 Rf6 25. c4 bxc3 26. bxc3 Rg8 27. g4 h5
28. Rab1 Qa7 29. c4 hxg4 30. cxd5 Rh6 31. Ng5 Rgh8 32. f6 gxh3 33. Qe6+ Qd7 34.
Rb8+ 1-0

[Event "ARS Festival"]
[Site "Roma ITA"]
[Date "1995.02.??"]
[Round "?"]
[White "Scacco, Mauro"]
[Black "Tosoni, Augusto"]
[Result "0-1"]
[WhiteElo "2004"]
[BlackElo "1936"]
[PlyCount "104"]
[EventDate "1995.02.??"]

1. e4 e5 2. Nf3 Nc6 3. Bb5 Nf6 4. Qe2 d6 5. c3 Be7 6. O-O Bg4 7. d3 O-O 8. h3
Bh5 9. Nbd2 Qd7 10. a4 a6 11. Bc4 Rfd8 12. g4 Nxg4 13. hxg4 Qxg4+ 14. Kh1 Bg5
15. Bxf7+ Bxf7 16. Rg1 Qh5+ 17. Kg2 Bxd2 18. Bxd2 Be6 19. Rh1 Qg4+ 20. Kf1 Rf8
21. Ng5 h6 22. Nxe6 Qxe6 23. Qh5 Rf6 24. Ke2 Raf8 25. Rh2 Ne7 26. Rg1 Qf7 27.
Qxf7+ Kxf7 28. d4 g5 29. Rgh1 Kg7 30. dxe5 dxe5 31. Bxg5 hxg5 32. Rh7+ Kg8 33.
Rxe7 Rxf2+ 34. Kd3 g4 35. Rxe5 R8f7 36. Rg5+ Rg7 37. Rxg7+ Kxg7 38. b4 g3 39.
Rh4 g2 40. Rg4+ Kf6 41. Kd4 Ke6 42. a5 Rd2+ 43. Kc5 Ke5 44. c4 Rb2 45. b5 axb5
46. cxb5 Rc2+ 47. Kb4 Kd4 48. a6 Rb2+ 49. Ka4 Kc3 50. Rg3+ Kc4 51. Ka3 Rb3+ 52.
Rxb3 g1=Q 0-1

[Event "ARS Festival"]
[Site "Roma ITA"]
[Date "1995.02.??"]
[Round "?"]
[White "Simeone, Giulio"]
[Black "Proietti, Giorgio"]
[Result "1/2-1/2"]
[WhiteElo "1651"]
[BlackElo "1612"]
[PlyCount "101"]
[EventDate "1995.02.??"]

1. c4 e6 2. Nc3 d5 3. d4 dxc4 4. e4 c5 5. Be3 cxd4 6. Qxd4 Qxd4 7. Bxd4 Nc6 8.
Be3 Bb4 9. Bxc4 Bxc3+ 10. bxc3 Nf6 11. f3 Bd7 12. O-O-O Rc8 13. Kb2 b6 14. Ba6
Rc7 15. Ne2 e5 16. Bg5 Ke7 17. Rd2 h6 18. Bh4 Be6 19. Rhd1 g5 20. Bg3 Nh5 21.
Bf2 Na5 22. Bd3 Bc4 23. g3 Rd8 24. Kc1 Rcd7 25. Bxc4 Nxc4 26. Rxd7+ Rxd7 27.
Rxd7+ Kxd7 28. Kc2 Ng7 29. Nc1 f5 30. exf5 Nxf5 31. Kd3 Ncd6 32. g4 Ng7 33. Nb3
Ne6 34. Nd2 Nf4+ 35. Kc2 Kc6 36. c4 a6 37. Kc3 b5 38. cxb5+ axb5 39. Ne4 b4+
40. Kb3 Nxe4 41. fxe4 Kb5 42. Ba7 Nd3 43. Bb8 Nc5+ 44. Kc2 Nxe4 45. Bxe5 Nf2
46. Bg7 Nxg4 47. h3 Nf2 48. Bxh6 Nxh3 49. Kb3 g4 50. Be3 g3 51. a3 1/2-1/2

[Event "ARS Festival"]
[Site "Roma ITA"]
[Date "1995.02.??"]
[Round "?"]
[White "Simeone, Giulio"]
[Black "Raccah, Ascer"]
[Result "1-0"]
[WhiteElo "1651"]
[BlackElo "1558"]
[PlyCount "69"]
[EventDate "1995.02.??"]

1. c4 e5 2. Nc3 Nf6 3. Nf3 Nc6 4. e3 Bb4 5. Qb3 O-O 6. Nxe5 Bxc3 7. Qxc3 Nxe5
8. Qxe5 d6 9. Qc3 Ne4 10. Qc2 Bf5 11. d3 Nc5 12. e4 Qe7 13. Be3 Bg4 14. Be2
Bxe2 15. Qxe2 f5 16. exf5 Rxf5 17. O-O Re8 18. Qd2 Qh4 19. f3 Ne6 20. Qf2 Qf6
21. Rac1 Nf4 22. Bxf4 Rxf4 23. Qxa7 Qxb2 24. Rb1 Qe2 25. Rxb7 Qxd3 26. Rxc7 Qc3
27. Qb7 Qd4+ 28. Kh1 Rf5 29. a4 Rg5 30. Rc8 Rxc8 31. Qxc8+ Kf7 32. Qd7+ Kg6 33.
Qe6+ Kh5 34. g4+ Kh4 35. Qe1+ 1-0

[Event "ARS Festival"]
[Site "Roma ITA"]
[Date "1995.02.??"]
[Round "?"]
[White "Simeoni, Matteo"]
[Black "Bellincampi, Stefano"]
[Result "1/2-1/2"]
[WhiteElo "1710"]
[BlackElo "2060"]
[PlyCount "27"]
[EventDate "1995.02.??"]

1. e4 c6 2. Nc3 d5 3. Nf3 Bg4 4. h3 Bh5 5. exd5 cxd5 6. Bb5+ Nc6 7. g4 Bg6 8.
Ne5 Rc8 9. d4 e6 10. Qe2 Bb4 11. h4 Qa5 12. Bd2 Kf8 13. Nd7+ Ke8 14. Ne5
1/2-1/2

[Event "ARS Festival"]
[Site "Roma ITA"]
[Date "1995.02.??"]
[Round "?"]
[White "Simeoni, Matteo"]
[Black "Bono, Leonardo"]
[Result "1/2-1/2"]
[WhiteElo "1710"]
[BlackElo "1711"]
[PlyCount "24"]
[EventDate "1995.02.??"]

1. e4 c5 2. Nf3 Nc6 3. d4 cxd4 4. Nxd4 Nf6 5. Nc3 d6 6. Bc4 e6 7. Bb3 Be7 8.
O-O a6 9. f4 O-O 10. Be3 Qc7 11. Qf3 Nxd4 12. Bxd4 b5 1/2-1/2

[Event "ARS Festival"]
[Site "Roma ITA"]
[Date "1995.02.??"]
[Round "?"]
[White "Simeoni, Matteo"]
[Black "Galdelli, Fabiano"]
[Result "1-0"]
[WhiteElo "1710"]
[BlackElo "1624"]
[PlyCount "79"]
[EventDate "1995.02.??"]

1. e4 e5 2. Nf3 Nc6 3. d4 exd4 4. Nxd4 Bc5 5. Nf5 Qf6 6. Nc3 Nge7 7. Ne3 Bxe3
8. Bxe3 a6 9. g3 d6 10. Bg2 Bd7 11. Qd2 Ne5 12. f4 Nc4 13. Qd4 Nxe3 14. Qxe3
Bc6 15. O-O-O O-O 16. h4 Nc8 17. g4 Nb6 18. g5 Qe7 19. f5 d5 20. Qg3 Nc4 21.
Nxd5 Bxd5 22. Rxd5 Qb4 23. Qb3 Qxb3 24. axb3 Ne3 25. Rd2 Nxg2 26. Rxg2 Rfe8 27.
Rg4 Rad8 28. Rd1 Kf8 29. h5 g6 30. hxg6 hxg6 31. Rh1 Ke7 32. Rh7 Rd6 33. Rf4
Red8 34. Kb1 Rd1+ 35. Ka2 R8d6 36. fxg6 Rxg6 37. Rfxf7+ Ke8 38. Rxc7 Kd8 39.
Rxb7 Kc8 40. Rbg7 1-0

[Event "ARS Festival"]
[Site "Roma ITA"]
[Date "1995.02.??"]
[Round "?"]
[White "Simeoni, Matteo"]
[Black "Michelena, Rodolfo"]
[Result "0-1"]
[WhiteElo "1710"]
[BlackElo "1600"]
[PlyCount "108"]
[EventDate "1995.02.??"]

1. e4 e5 2. Nf3 Nc6 3. d4 exd4 4. Nxd4 Nxd4 5. Qxd4 c5 6. Qe5+ Qe7 7. Qxe7+
Bxe7 8. Nc3 Nf6 9. e5 Ng4 10. Nd5 Bd8 11. Bf4 g5 12. Bg3 a6 13. O-O-O b5 14.
Bd3 Nh6 15. Rhe1 O-O 16. Be4 Ra7 17. Ne3 f5 18. exf6 Bxf6 19. Bb8 Rb7 20. Bxb7
Bxb7 21. Bd6 Rc8 22. Nd5 Bxd5 23. Rxd5 Bd4 24. Rxg5+ Kf7 25. f4 Ng8 26. Be5
Bxe5 27. Rgxe5 Nf6 28. h3 h5 29. Rg5 c4 30. Rge5 Rg8 31. R5e2 Rg3 32. Kd2 Nd5
33. Rf2 Nf6 34. Re3 Rg8 35. Ke2 h4 36. Re5 d5 37. Ke3 Ne4 38. Rxe4 dxe4 39.
Kxe4 Kf6 40. f5 Re8+ 41. Kf4 Rd8 42. g4 hxg3 43. Kxg3 Rg8+ 44. Kf4 Rh8 45. Rf3
Rh4+ 46. Ke3 b4 47. a3 bxa3 48. bxa3 c3 49. Kd3 Ra4 50. Kxc3 Rxa3+ 51. Kb4 Rxf3
52. Ka4 Rxf5 53. c4 Ke7 54. c5 Kd7 0-1

[Event "ARS Festival"]
[Site "Roma ITA"]
[Date "1995.02.??"]
[Round "?"]
[White "Tersigni, Andrea"]
[Black "Buffoni, Luca"]
[Result "0-1"]
[WhiteElo "1633"]
[BlackElo "1561"]
[PlyCount "80"]
[EventDate "1995.02.??"]

1. e4 e5 2. Nf3 Nf6 3. Nxe5 d6 4. Nf3 Nxe4 5. d4 d5 6. Bd3 Bd6 7. O-O O-O 8.
Nc3 Re8 9. Re1 Bf5 10. Bxe4 dxe4 11. Ng5 Nd7 12. Ngxe4 Bxe4 13. Rxe4 Rxe4 14.
Nxe4 Bxh2+ 15. Kxh2 Qh4+ 16. Kg1 Qxe4 17. Be3 Nf6 18. Qd2 Re8 19. Re1 h5 20. f3
Qg6 21. Kf2 h4 22. Bg5 Qf5 23. Rxe8+ Nxe8 24. Bxh4 Nd6 25. Qe2 Qd5 26. b3 Qxd4+
27. Kf1 Qxh4 28. c4 Qd4 29. Qe7 Nf5 30. Qe8+ Kh7 31. Qxf7 Qd1+ 32. Kf2 Qd2+ 33.
Kg1 Qe1+ 34. Kh2 Qh4+ 35. Kg1 Ne3 36. Qxc7 Qe1+ 37. Kh2 Qf2 38. Kh3 Qxg2+ 39.
Kh4 Nf5+ 40. Kh5 Qg6# 0-1

[Event "ARS Festival"]
[Site "Roma ITA"]
[Date "1995.02.??"]
[Round "?"]
[White "Tersigni, Andrea"]
[Black "Proietti, Giorgio"]
[Result "0-1"]
[WhiteElo "1633"]
[BlackElo "1612"]
[PlyCount "68"]
[EventDate "1995.02.??"]

1. c4 Nf6 2. g3 e6 3. Bg2 d5 4. d3 Be7 5. Nf3 O-O 6. O-O c5 7. Bf4 b6 8. Nc3
Bb7 9. cxd5 Nxd5 10. Nxd5 exd5 11. d4 Nd7 12. dxc5 Nxc5 13. Nd4 Ne4 14. e3 Qd7
15. Qh5 g6 16. Qh6 Rfd8 17. Rac1 Bf8 18. Qh4 Rac8 19. Bh3 f5 20. g4 Be7 21. g5
Rxc1 22. Rxc1 Rc8 23. Rd1 Bd6 24. f3 Bxf4 25. Qxf4 Nc5 26. Nxf5 gxf5 27. Bxf5
Ne6 28. Qg4 Re8 29. e4 Qe7 30. exd5 Qc5+ 31. Kg2 Bxd5 32. Bxh7+ Kxh7 33. Qh5+
Kg7 34. Rxd5 Nf4+ 0-1

[Event "ARS Festival"]
[Site "Roma ITA"]
[Date "1995.02.??"]
[Round "?"]
[White "Tersigni, Andrea"]
[Black "Raccah, Ascer"]
[Result "0-1"]
[WhiteElo "1633"]
[BlackElo "1558"]
[PlyCount "54"]
[EventDate "1995.02.??"]

1. e4 e5 2. Nf3 Nf6 3. Nxe5 d6 4. Nf3 Nxe4 5. d4 d5 6. Bd3 Be7 7. Nc3 Nxc3 8.
bxc3 O-O 9. O-O Bg4 10. h3 Bh5 11. Re1 Nd7 12. Bf4 Nb6 13. Bxh7+ Kxh7 14. Ng5+
Bxg5 15. Qxh5+ Bh6 16. g4 Qf6 17. Bd2 g5 18. Re5 Rg8 19. h4 Qg6 20. hxg5 Qxh5
21. gxh5 Nc4 22. Re7 Nxd2 23. g6+ Kh8 24. Rxf7 Rg7 25. Rf5 c6 26. Kg2 Kg8 27.
Re1 Rf8 0-1

[Event "ARS Festival"]
[Site "Roma ITA"]
[Date "1995.02.??"]
[Round "?"]
[White "Tosoni, Augusto"]
[Black "Bono, Leonardo"]
[Result "1-0"]
[WhiteElo "1936"]
[BlackElo "1711"]
[PlyCount "73"]
[EventDate "1995.02.??"]

1. e4 e6 2. d4 d5 3. Nc3 Bb4 4. e5 c5 5. a3 Bxc3+ 6. bxc3 Ne7 7. h4 Nbc6 8. h5
h6 9. Qg4 Qa5 10. Bd2 cxd4 11. cxd4 Qa4 12. c3 Bd7 13. Nf3 O-O-O 14. Bd3 f5 15.
Qg3 Rdg8 16. Nh4 Be8 17. Ng6 Bxg6 18. hxg6 b5 19. O-O Na5 20. Rfb1 Nc4 21. Rb4
Qa5 22. Bxc4 dxc4 23. a4 a6 24. Rab1 Nd5 25. axb5 Nxb4 26. Rxb4 axb5 27. Qf3
Qb6 28. d5 exd5 29. Qxf5+ Kc7 30. e6 Rf8 31. Bf4+ Kc8 32. Qxd5 Rxf4 33. Qd7+
Kb8 34. Rxb5 Qxb5 35. Qxb5+ Ka7 36. Qd7+ Ka8 37. Qc6+ 1-0

[Event "ARS Festival"]
[Site "Roma ITA"]
[Date "1995.02.??"]
[Round "?"]
[White "Tosoni, Augusto"]
[Black "Farina, Saverio"]
[Result "0-1"]
[WhiteElo "1936"]
[BlackElo "2120"]
[PlyCount "71"]
[EventDate "1995.02.??"]

1. e4 e6 2. d4 d5 3. Nc3 c5 4. Nf3 Nc6 5. Bb5 Nf6 6. exd5 exd5 7. h3 Be7 8. O-O
O-O 9. dxc5 Bxc5 10. Bg5 Be6 11. Re1 Qb6 12. Qe2 Ne4 13. Be3 Nxc3 14. bxc3 Bxe3
15. fxe3 Qc5 16. Bd3 h6 17. Kh1 b6 18. e4 Qxc3 19. Rad1 Nb4 20. exd5 Bxd5 21.
Bf5 Bxf3 22. gxf3 Qf6 23. Qe4 Na6 24. Rg1 Nc5 25. Qg4 Rad8 26. Rde1 Rfe8 27. c4
Rxe1 28. Rxe1 g6 29. Be4 Nxe4 30. Qxe4 Kg7 31. Rf1 Rd2 32. f4 Rxa2 33. f5 Qb2
34. Rf2 Qxf2 35. Qe5+ Kh7 36. fxg6+ 0-1

[Event "ARS Festival"]
[Site "Roma ITA"]
[Date "1995.02.??"]
[Round "?"]
[White "Tosoni, Augusto"]
[Black "Karanikolas, Dimitrios"]
[Result "1-0"]
[WhiteElo "1936"]
[BlackElo "2095"]
[PlyCount "39"]
[EventDate "1995.02.??"]

1. e4 c5 2. Nc3 Nc6 3. f4 g6 4. Nf3 Bg7 5. Bc4 e6 6. d3 Nge7 7. O-O O-O 8. Qe1
a6 9. Qh4 d5 10. Bb3 b5 11. f5 dxe4 12. Ng5 h6 13. f6 hxg5 14. Bxg5 Nf5 15.
Rxf5 exf5 16. fxg7 Qd4+ 17. Kh1 Qxg7 18. Nd5 Qh8 19. Bh6 g5 20. Qxg5+ 1-0

[Event "ARS Festival"]
[Site "Roma ITA"]
[Date "1995.02.??"]
[Round "?"]
[White "Tosoni, Augusto"]
[Black "Quimi, Marco"]
[Result "0-1"]
[WhiteElo "1936"]
[BlackElo "2200"]
[PlyCount "106"]
[EventDate "1995.02.??"]

1. c4 Nf6 2. d4 g6 3. Nc3 Bg7 4. e4 d6 5. Nf3 O-O 6. Be2 e5 7. d5 a5 8. Bg5 h6
9. Bh4 Na6 10. a3 Bd7 11. Nd2 c6 12. O-O g5 13. Bg3 Ne8 14. Bg4 f5 15. exf5
Bxf5 16. Nde4 c5 17. Bxf5 Rxf5 18. Qg4 Qd7 19. h4 gxh4 20. Bxh4 Rf7 21. Qxd7
Rxd7 22. f3 Rb8 23. Nf2 Nec7 24. a4 Nb4 25. Nce4 Rf8 26. Rad1 Nc2 27. Ng4 Ne8
28. Bf2 Nd4 29. Bxd4 exd4 30. Ng3 Nf6 31. Nf5 Nh5 32. Nxg7 Kxg7 33. Rfe1 Nf4
34. Nf2 Ng6 35. Re4 Ne5 36. Rde1 Nxc4 37. Nd3 Rdf7 38. Re6 Rf6 39. Nf2 Ne3 40.
R6xe3 dxe3 41. Rxe3 Rf5 42. Rd3 Kf6 43. Ng4+ Kg5 44. Ne3 Rf4 45. b3 Rd4 46.
Rxd4 cxd4 47. Nc4 Rf5 48. Nxa5 Rxd5 49. Nc4 d3 50. Nd2 Re5 51. Kf1 d5 52. b4
Re2 53. Nb3 Rb2 0-1

[Event "ARS Festival"]
[Site "Roma ITA"]
[Date "1995.02.??"]
[Round "?"]
[White "Verrascina, Nicola"]
[Black "Bono, Leonardo"]
[Result "1-0"]
[WhiteElo "2035"]
[BlackElo "1711"]
[PlyCount "65"]
[EventDate "1995.02.??"]

1. c4 d6 2. g3 g6 3. Bg2 Bg7 4. Nc3 e5 5. e4 Nf6 6. Nge2 O-O 7. O-O c6 8. h3
Na6 9. d3 Ne8 10. Be3 f5 11. Qd2 Nac7 12. Rad1 c5 13. exf5 gxf5 14. Bg5 Bf6 15.
Bh6 Bg7 16. Nd5 Ne6 17. Nec3 Rb8 18. Rfe1 Bd7 19. a3 Bxh6 20. Qxh6 Qg5 21.
Qxg5+ Nxg5 22. f4 Nf7 23. b4 b6 24. bxc5 bxc5 25. Rb1 Rxb1 26. Rxb1 Kg7 27. Rb7
Be6 28. Rxa7 Bxd5 29. Nxd5 Nf6 30. a4 h5 31. a5 Rb8 32. Nxf6 Kxf6 33. Rb7 1-0

[Event "ARS Festival"]
[Site "Roma ITA"]
[Date "1995.02.??"]
[Round "?"]
[White "Verrascina, Nicola"]
[Black "Iatrino, Vincenzo"]
[Result "1-0"]
[WhiteElo "2035"]
[BlackElo "1716"]
[PlyCount "51"]
[EventDate "1995.02.??"]

1. c4 f5 2. g3 Nf6 3. b3 e6 4. Bb2 Nc6 5. Bg2 Be7 6. Nh3 d6 7. O-O O-O 8. d4
Qe8 9. Nc3 a6 10. Re1 Bd7 11. e4 fxe4 12. Nxe4 Nxe4 13. Rxe4 Nd8 14. Qe2 Bf6
15. Re1 Qf7 16. Nf4 g6 17. Bh3 Re8 18. Qg4 Kh8 19. R1e3 c6 20. Qe2 Bg5 21. Rf3
Bf6 22. Nxe6 Bxe6 23. Rxf6 Qxf6 24. d5 Qe5 25. Rxe5 dxe5 26. Qxe5+ 1-0

[Event "ARS Festival"]
[Site "Roma ITA"]
[Date "1995.02.??"]
[Round "?"]
[White "Verrascina, Nicola"]
[Black "Marino Bravo, Marco Antonio"]
[Result "1/2-1/2"]
[WhiteElo "2035"]
[BlackElo "2165"]
[PlyCount "44"]
[EventDate "1995.02.??"]

1. c4 Nf6 2. g3 g6 3. Bg2 Bg7 4. e4 d6 5. Nc3 e5 6. Nge2 Nc6 7. O-O Be6 8. d3
Qd7 9. f4 Bh3 10. f5 Bxg2 11. Kxg2 O-O-O 12. Qa4 Kb8 13. Be3 Ng4 14. Bg1 h5 15.
h3 Nf6 16. Nd5 g5 17. Nec3 Nd4 18. Qxd7 Rxd7 19. Nxf6 Bxf6 20. Nd5 Bd8 21. Rae1
c6 22. Nc3 f6 1/2-1/2

[Event "ARS Festival"]
[Site "Roma ITA"]
[Date "1995.02.??"]
[Round "?"]
[White "Verrascina, Nicola"]
[Black "Ragonese, Lucio Rosario"]
[Result "1-0"]
[WhiteElo "2035"]
[BlackElo "1842"]
[PlyCount "49"]
[EventDate "1995.02.??"]

1. c4 c6 2. b3 d5 3. Bb2 Bf5 4. g3 Nf6 5. Bg2 e6 6. Nf3 Bc5 7. O-O Nbd7 8. d3
Qe7 9. Nh4 Bg6 10. Nxg6 hxg6 11. Nd2 O-O-O 12. cxd5 exd5 13. Nf3 Rh5 14. Qc2
Rdh8 15. e4 dxe4 16. dxe4 Ng4 17. h4 Bb6 18. Bd4 Bxd4 19. Nxd4 Rxh4 20. Qe2
Ndf6 21. e5 Qd8 22. exf6 Qxd4 23. fxg7 Qxg7 24. gxh4 Rxh4 25. Qe8+ 1-0

[Event "C.to Europeo U18 femminile"]
[Site "Zagan POL"]
[Date "1995.06.??"]
[Round "1"]
[White "Lakos, Nikoletta"]
[Black "Agosto, Erika"]
[Result "1-0"]
[WhiteElo "2265"]
[BlackElo "1713"]
[PlyCount "61"]
[EventDate "1995.06.25"]

1. e4 e5 2. Nf3 Nc6 3. Bc4 Be7 4. O-O Nf6 5. d3 O-O 6. h3 d6 7. c3 d5 8. exd5
Nxd5 9. Re1 Bf6 10. Nbd2 g6 11. Bb5 Nde7 12. Nc4 Qd5 13. a4 a6 14. Ne3 Qd6 15.
Bc4 Nf5 16. Nd5 Bg7 17. Ng5 Qd8 18. Ne4 h6 19. b4 Be6 20. Qb3 b6 21. Ne3 Bxc4
22. Qxc4 Nce7 23. Ng4 Nd5 24. Qxd5 Qe7 25. Ng3 Nxg3 26. fxg3 Rad8 27. Qf3 h5
28. Nf2 Qd6 29. b5 axb5 30. axb5 Qc5 31. Ba3 1-0

[Event "C.to Europeo U18 femminile"]
[Site "Zagan POL"]
[Date "1995.06.??"]
[Round "6"]
[White "Agosto, Erika"]
[Black "Grabarska, Barbara"]
[Result "1/2-1/2"]
[WhiteElo "1713"]
[BlackElo "2155"]
[PlyCount "96"]
[EventDate "1995.06.25"]

1. e4 e5 2. Nf3 Nc6 3. Bc4 Bc5 4. c3 Nf6 5. d3 a6 6. O-O O-O 7. Bg5 d6 8. Bb3
Ba7 9. Nbd2 h6 10. Bh4 Qe7 11. Re1 Be6 12. Bc2 g5 13. Bg3 Bg4 14. Nf1 Nh5 15.
h3 Bxf3 16. Qxf3 Nf4 17. Ne3 Qf6 18. Kh1 Ne7 19. Rad1 c6 20. d4 Rad8 21. Ng4
Qg7 22. Bxf4 gxf4 23. g3 h5 24. Nh2 fxg3 25. Rg1 Ng6 26. Rxg3 exd4 27. Bb3 d5
28. Rdg1 Rd6 29. exd5 c5 30. Bc2 dxc3 31. bxc3 c4 32. R3g2 Rfd8 33. Be4 Qh6 34.
Rg5 h4 35. Rh5 Qd2 36. Ng4 Kf8 37. Rh7 Qf4 38. Qxf4 Nxf4 39. Ne5 Rf6 40. Rh8+
Ke7 41. Rxd8 Kxd8 42. d6 Ng6 43. Nxf7+ Rxf7 44. Rxg6 Rxf2 45. Bxb7 Rxa2 46. Bd5
Ra1+ 47. Kh2 Ra2+ 48. Kh1 Ra1+ 1/2-1/2

[Event "C.to Europeo U18 femminile"]
[Site "Zagan POL"]
[Date "1995.06.??"]
[Round "11"]
[White "Agosto, Erika"]
[Black "Mihalincic, Irena"]
[Result "0-1"]
[WhiteElo "1713"]
[BlackElo "2030"]
[PlyCount "76"]
[EventDate "1995.06.25"]

1. e4 e5 2. Nf3 Nc6 3. Bc4 Bc5 4. c3 Nf6 5. d3 d6 6. Bg5 h6 7. Bh4 O-O 8. O-O
a6 9. Bb3 Ba7 10. Re1 Re8 11. Nbd2 Be6 12. Bc2 Kh8 13. Nf1 g5 14. Bg3 Bg4 15.
Ne3 Bh5 16. Nf5 Kh7 17. d4 Bg6 18. Qd2 Nh5 19. Kh1 Qf6 20. Ne3 Nf4 21. h4 Bh5
22. hxg5 hxg5 23. Nd5 Qh6 24. Nh2 Rac8 25. Ne3 Rh8 26. Nf5 Qf6 27. Kg1 Ne7 28.
Nxe7 Qxe7 29. f3 Kg7 30. Bf2 Qe6 31. Be3 Qh6 32. Kf2 Bg6 33. Rh1 Qh4+ 34. g3
Qxh2+ 35. Rxh2 Rxh2+ 36. Kg1 Rxd2 37. Bxd2 Ne6 38. Kg2 exd4 0-1